000 00583nam a2200193 a 4500
001 000011929
005 20240412074229.0
008 091102s1978 dr a 000 0 spa d
040 _aDO-SdBNP
_bspa
_cBNPHU
082 _aRD861.44
_bA162pe
100 1 _aAbreu, P. S.
_928206
245 1 0 _aPerlas del alma /
_cP. S. Abreu.
260 _aSanto Domingo :
_bEducativa Dominicana,
_c1978.
300 _a67 p. :
_bil. ;
_c22 cm.
590 _aInventariado, 2018/VM
650 0 _aPoesía dominicana
_966
650 0 _aLiteratura dominicana.
_967
910 _aValidado. Control de calidad MFF
999 _c11599
_d11599